Can You Guess All The Goats of The NBA - Statistics

General Stats
  • This quiz has been taken 24 times
  • The average score is 8 of 20
Answer Stats
Picture Answer % Correct
Alex CarusGOAT
96%
Udonis Haslem
78%
Kendrick Perkins
70%
Thanasis Antetokounmpo
70%
Brian Scalabrine
61%
Brittney Griner
57%
Naz Reid
57%
Sam Cassell
48%
Serge Iblaka
48%
Fat Lever
43%
Latrell Sprewell
43%
Nene
30%
Micah Parsons
26%
Stephon Marbury
17%
THE GOAT
17%
Alex Antetokounmpo
13%
Quinndary Weatherspoon
4%
Braeden Sallee
0%
Goat Coach
0%
Who
0%
No matching quizzes found
Score Distribution
Percent of People with Each Score
Percentile by Number Answered
Your Score History
You have not taken this quiz